| 000 | 00390nam a22001577a 4500 | ||
|---|---|---|---|
| 003 | SGT | ||
| 020 | _a9789388022040 | ||
| 082 |
_a616.0707 _bE17M |
||
| 100 | _a Hina Mehrotra | ||
| 245 | _aEtiopathogenesis of Oral Submucous Fibrosis | ||
| 250 | _a1ST | ||
| 260 |
_aNEW DELHI _bIP Innovative Publication Pvt. Ltd. _c2019 |
||
| 300 | _a1-60 | ||
| 650 | _aORAL PATHOLOGY | ||
| 942 |
_2ddc _cBK |
||
| 999 |
_c20134 _d20134 |
||